| 000 | 00892nam a22002177a 4500 | ||
|---|---|---|---|
| 999 |
_c16875 _d16875 |
||
| 003 | AR-CdUCM | ||
| 008 | 190506b ||||| |||| 00| 0 sap d | ||
| 040 |
_aMUNICIPALIDAD PROVINCIAL DEL CUSCO _cBIBLIOTECA MUNICIPAL DEL CUSCO |
||
| 082 |
_a372.424 / _bJ43 |
||
| 100 |
_aJersild, A. T. _936594 |
||
| 245 | _aEl niño en la escuela / | ||
| 260 |
_aBuenos Aires : _bPaidos, _c1964. |
||
| 300 |
_a80 páginas ; _c19 cm. |
||
| 440 |
_aBiblioteca del educador contemporáneo. _936595 |
||
| 505 | _aContenido :La adaptación social de los niños en la escuela-nurseri -- El éxito y el fracaso en la escuela -- Los maestros y los problemas de conducta -- ¿Cuando deben comenzar a leer los niños? -- Aprendiendo de las películas .. | ||
| 650 |
_aEducación primaria. _91561 |
||
| 650 |
_aEscuelas. _98170 |
||
| 700 |
_aWashburn, C. _936596 |
||
| 942 |
_2ddc _cLIBROS |
||
| 945 |
_arum _d2019-05-06 |
||